[Event "Cambridge op 2nd"]
[Site "Cambridge"]
[Date "2024.02.21"]
[Round "5"]
[White "Redman, David J"]
[Black "Orton, Stephen LA"]
[Result "1-0"]
[WhiteElo "1971"]
[BlackElo "2154"]
[PlyCount "59"]
[EventDate "2024.02.19"]
[EventType "swiss"]
[EventRounds "9"]
[EventCountry "ENG"]
[SourceTitle "CB09_2024"]
[SourceDate "2024.02.28"]
[SourceVersion "1"]
[SourceVersionDate "2024.02.28"]
[SourceQuality "1"]

1. d4 Nf6 2. c4 g6 3. Nc3 Bg7 4. e4 d6 5. Nf3 0-0 6. Bd3 c5 7. d5 e6 8. 0-0 exd5 9. cxd5 Na6 10. h3 Rb8 11. Bf4 Nb4 12. Nb5 Ne8 13. Nxa7 Qf6 14. Bc1 Bd7 15. Bb5 Qe7 16. a3 Nxd5 17. Qxd5 Nc7 18. Bg5 Nxd5 19. Bxe7 Nxe7 20. Bxd7 Rfd8 21. Bb5 Ra8 22. e5 Rxa7 23. exd6 Rxd6 24. Rae1 Bf6 25. Re2 Ra5 26. a4 Nf5 27. Nd2 Nd4 28. Re8+ Kg7 29. Nc4 Nxb5 30. axb5 1-0